000 00389pab a2200157 454500
008 180718b1995 xxu||||| |||| 00| 0 eng d
100 _aAdil Ali
245 _aMedia and ecology
_bhow public opinion is manipulated.
260 _c1995
300 _ap.14-16
362 _a8 Jul
650 _aEnvironmental sciences
650 _aEcology - India
773 _aMainstream
909 _a28724
999 _c28724
_d28724